Pirkanmaan kuntien vaakunat 2025 (keltainen laatikko) - Statistics

Yleistilastot
  • Tätä visaa on pelattu 154 kertaa
    150 viimeisimmän päivityksen jälkeen
  • Keskiarvotulos 18 / 23
Vastaustilastot
Kuvavisa Vastaus % Oikein
Tampere
100%
Orivesi
93%
Virrat
85%
Nokia
84%
Ylöjärvi
84%
Kangasala
83%
Punkalaidun
81%
Ruovesi
81%
Valkeakoski
81%
Akaa
77%
Pirkkala
77%
Pälkäne
72%
Sastamala
72%
Urjala
72%
Hämeenkyrö
71%
Lempäälä
71%
Mänttä-Vilppula
71%
Parkano
71%
Vesilahti
71%
Ikaalinen
69%
Juupajoki
65%
Kihniö
63%
Kuhmoinen
63%
Ehtoja vastaavia visoja ei löytynyt
Tulosjakauma
Jokaisen tuloksen saaneiden osuus
Persentiili vastausten määrän mukaan
Tuloshistoriasi
Et ole pelannut tätä visaa sen viimeisimmän päivityksen jälkeen